Sidhi chadhaan (Record no. 797495)

MARC details
000 -LEADER
fixed length control field 00737nam a2200241Ia 4500
003 - CONTROL NUMBER IDENTIFIER
control field OSt
005 - DATE AND TIME OF LATEST TRANSACTION
control field 20220928133040.0
008 - FIXED-LENGTH DATA ELEMENTS--GENERAL INFORMATION
fixed length control field 220927b |||||||| |||| 00| 0 eng d
037 ## - SOURCE OF ACQUISITION
Terms of availability Textual
040 ## - CATALOGING SOURCE
Original cataloging agency SDCL
Transcribing agency SDCL
Language of cataloging eng
041 ## - LANGUAGE CODE
Source of code eng
Language code of text/sound track or separate title eng
100 ## - MAIN ENTRY--PERSONAL NAME
Personal name Munshi Kanhaiyalal Maniklal
9 (RLIN) 397229
245 #0 - TITLE STATEMENT
Title Sidhi chadhaan
Remainder of title Kanhaiyalal Maniklal Munshi ki atmakatha.
260 ## - PUBLICATION, DISTRIBUTION, ETC.
Place of publication, distribution, etc. Delhi
Name of publisher, distributor, etc. Raj Kamal Prakashan
Date of publication, distribution, etc. 1961
490 ## - SERIES STATEMENT
Volume/sequential designation V2:331p.
700 ## - ADDED ENTRY--PERSONAL NAME
Personal name Veerdev Manjula Tr.
9 (RLIN) 484132
942 ## - ADDED ENTRY ELEMENTS (KOHA)
Classification part O156,3M87w,1, K1.2
Koha item type Textual
Source of classification or shelving scheme Colon Classification (CC)
Holdings
Withdrawn status Lost status Damaged status Not for loan Home library Current library Date acquired Serial Enumeration / chronology Total Checkouts Full call number Barcode Date last seen Price effective from Koha item type
        South Campus Library South Campus Library 2022-09-28 V2:331p.   O156,3M87w,1 K1.2 SC0506502 2022-09-28 2022-09-28 Textual
Copyright @ Delhi University Library System